Modelling survival data in medical research

Uloženo v:
Podrobná bibliografie
Hlavní autor: Collett, D (Autor)
Médium: Kniha
Jazyk:angličtina
Vydáno: Londres Chapman & Hall 1994
Edice:Texts in Statistical Science
Témata:
Tagy: Přidat tag
Žádné tagy, Buďte první, kdo vytvoří štítek k tomuto záznamu!

MARC

LEADER 00000nam a2200000 a 4500
001 UCY6842
003 CL-VaPUC
008 950602e19940000UK |||||||||||||||||eng|d
082 0 4 |a 519.5  |b COL  |2 21 
100 0 |a Collett, D  |e author  |9 336941 
245 1 0 |a Modelling survival data in medical research 
300 |a 347 p 
942 |c BK 
945 |d 19950602 00:00:00  |a awong 
260 |a Londres  |b Chapman & Hall  |c 1994 
650 0 |a Bioestadística  |9 261187 
650 0 |a Medicina   |9 258507 
650 0 |a Análisis estadístico  |9 269506 
583 |a last modification  |c 19950602 00:00:00  |k Rodrigo Vera 
490 0 |a Texts in Statistical Science 
999 |c 234339  |d 234337 
952 |0 0  |1 0  |4 0  |6 519_500000000000000_COL_1994  |7 0  |8 A  |9 240514  |a BIBGIM  |b BIBGIM  |d 2019-11-18  |i 3086895  |o 519.5 COL 1994  |p 3086895  |r 2025-01-15  |w 2019-11-18  |y BK  |k EST